=LDR 00000nam 2200000 4500 =001 INLIS000000000063821 =005 20240715094742 =035 ##$$a 0010-0724000118 =007 ta =008 240715###########################0###### =020 ##$$a 2085-9554 =082 ##$$a 499 =084 ##$$a 499 MAB j =100 #$$a Mabasan =245 1#$$a Jurnal ilmiah bahasa dan sastra / Mabasan =250 ##$$a cetakan 1 =260 ##$$a Sekarbela :$b Kantor Bahasa Provinsi Nusa Tenggara Barat,$c 2022 =300 ##$$a xx,392 halaman ; $c 29 cm =600 #4$$a Bahasa Daerah NTB - Majalah =990 ##$$a 13741374 =990 ##$$a 236/53/2024